Can You name all the Warhammer 40k factions with a codex - Statistics

General Stats
  • This quiz has been taken 161 times
  • The average score is 12 of 16
Answer Stats
Hint Answer % Correct
Imperium Space Marines
98%
Imperium Astra Militarum
90%
Xenos Craftworlds
83%
Xenos Tau Empire
83%
Xenos Tyranids
79%
Xenos Orks
78%
Xenos Drukhari
77%
Imperium Adepta Sororitas
74%
Imperium Adeptus Custodes
72%
Chaos Chaos Daemons
71%
Chaos Death Guard
71%
Chaos Chaos Space Marines
67%
Imperium Adeptus Mechanicus
64%
Chaos Thousand Sons
63%
Imperium Imperial Knights
59%
Chaos Chaos Knights
49%
No matching quizzes found
Score Distribution
Percent of People with Each Score
Percentile by Number Answered
Your Score History
You have not taken this quiz